| 000 | 00854nam a22002777a 4500 | ||
|---|---|---|---|
| 001 | 5697 | ||
| 003 | FISKH | ||
| 005 | 20250123095121.0 | ||
| 008 | 250114b cb ||||| |||| 00| 0 eng d | ||
| 020 | _a9780545504737 | ||
| 040 |
_aFISKH _beng _cFISKH _dFISKH |
||
| 050 | _aPZ7.N964 | ||
| 082 | _a813.6 | ||
| 100 | _aNumeroff, Laura | ||
| 245 |
_aIf you give a dog a donut / _cWritten by Laura Numeroff ; Illustrated by Felicia Bond |
||
| 250 | _aFirst Scholastic printing, September 2012 | ||
| 260 |
_aNew York : _bScholastic, _c2011 |
||
| 300 |
_a30 unnumbered pages ; _bcolor illustrator ; _c23 cm |
||
| 505 | _aJ | ||
| 520 | _aChaos might ensue if you were to give a dog a donut. | ||
| 521 | 8 |
_a490
_bLexile |
|
| 521 | 8 |
_aJ
_bRaz-Plus |
|
| 650 |
_aAnimals _vCause and Effect _xDonuts |
||
| 942 |
_2ddc _cBK _n0 |
||
| 999 |
_c5697 _d5697 |
||